000 00646cam a2200169 a 4500
001 000013847
005 20240301180539.0
008 770907s1969 ve b 000 0dspa d
040 _aDO-SdBNP
_bspa
_cBNPHU
082 _axxxxx
_bN964m
100 1 _aNuñez Tenorio, J. R.
_931362
245 1 0 _aMarx y la economía política /
_cJ. R. Nuñez Tenorio.
260 _aCaracas :
_bInstituto de Investigaciones, Facultad de Ciencias Económicas y Sociales, Universidad Central de Venezuela,
_c1969.
300 _a293 p. ;
_c22 cm.
504 _aIncluye referencias bibliográficas y notas al pie de las páginas
600 1 0 _aMarx, Karl,
_d1818-1883
_930439
999 _c13457
_d13457